[Event "Junior Online 4NCL Division 5"]
[Site "online"]
[Date "2020.05.07"]
[Round "4.47"]
[White "Sequeira, Robert"]
[Black "Tandon, Ashley"]
[Result "0-1"]
[WhiteElo "1074"]
[BlackElo "905"]
[PlyCount "48"]
[EventDate "2020.05.07"]
[WhiteTeam "St John's College B"]
[BlackTeam "East Kilbride Knights"]

1. e4 c6 2. Nc3 d5 3. exd5 cxd5 4. d4 e6 5. Nf3 Nc6 6. Bb5 h6 7. O-O Nf6 8. Be3
Bd6 9. a3 O-O 10. Re1 Qc7 11. Bd3 e5 12. dxe5 Nxe5 13. Nxe5 Bxe5 14. Bd2 Bxh2+
15. Kh1 Bd6 16. Qf3 Bg4 17. Qe3 Rfe8 18. Qd4 Bc5 19. Rxe8+ Rxe8 20. Qa4 Bxf2
21. Bf4 Qe7 22. Kh2 Ne4 23. Kh1 Qh4+ 24. Bh2 Ng3# 0-1

[Event "Junior Online 4NCL Division 5"]
[Site "online"]
[Date "2020.05.07"]
[Round "4.48"]
[White "Nagar Nikunj"]
[Black "Doddi, Sammy"]
[Result "0-1"]
[WhiteElo "653"]
[BlackElo "1070"]
[PlyCount "124"]
[EventDate "2020.05.07"]
[WhiteTeam "East Kilbride Knights"]
[BlackTeam "St John's College B"]

1. e4 c6 2. d4 d5 3. e5 e6 4. Bd3 Ne7 5. Nf3 g6 6. Bg5 Bg7 7. O-O O-O 8. Nc3 b6
9. Qd2 Bb7 10. Bh6 Nd7 11. Bxg7 Kxg7 12. Qg5 c5 13. Qf6+ Nxf6 14. exf6+ Kg8 15.
fxe7 Qxe7 16. dxc5 bxc5 17. Rfe1 c4 18. Be2 Rad8 19. Rad1 Qb4 20. Rb1 d4 21. a3
Qe7 22. Na2 d3 23. cxd3 cxd3 24. Bd1 d2 25. Re2 Bxf3 26. gxf3 Qg5+ 27. Kf1 Qf4
28. Kg2 Rd3 29. Re4 Qg5+ 30. Rg4 Qd5 31. Nb4 Qd7 32. Nxd3 Qxd3 33. Ra1 Rc8 34.
b4 Rc1 35. Ra2 Rxd1 36. Re4 Re1 37. Rxd2 Qxd2 38. Rxe1 Qxe1 39. Kg3 Qa1 40. Kf4
Qxa3 41. Ke4 Qxb4+ 42. Kd3 Qc5 43. Kd2 Kg7 44. Kd3 Kf6 45. Ke2 Ke5 46. Kd3 Qd4+
47. Kc2 Qxf2+ 48. Kc3 Qxf3+ 49. Kc4 Kd6 50. Kd4 Qf5 51. Ke3 Qg4 52. Kd3 Kd5 53.
Ke3 Ke5 54. Kd3 Qa4 55. Ke2 Qb3 56. Kf2 Kf4 57. Ke2 Qe3+ 58. Kd1 Qf2 59. Kc1
Ke3 60. Kb1 Kd3 61. Ka1 Kc3 62. Kb1 Qb2# 0-1

[Event "Junior Online 4NCL Division 5"]
[Site "online"]
[Date "2020.05.07"]
[Round "4.51"]
[White "Flinn, David"]
[Black "Jayakumar, Bharath"]
[Result "1-0"]
[WhiteElo "762"]
[BlackElo "1255"]
[PlyCount "77"]
[EventDate "2020.05.07"]
[WhiteTeam "Gonzaga College SJ D"]
[BlackTeam "Harrow Juniors D"]

1. e4 c5 2. Nf3 d6 3. Nc3 e6 4. Bc4 Nf6 5. d3 Be7 6. a3 a6 7. O-O O-O 8. Bg5 b5
9. Ba2 Bb7 10. e5 Bxf3 11. Qxf3 Nd5 12. Bxe7 Qxe7 13. Nxd5 exd5 14. Bxd5 Ra7
15. exd6 Qxd6 16. Rae1 Rd7 17. Be4 Qe5 18. Bxh7+ Kxh7 19. Rxe5 f6 20. Rxc5 Re8
21. Rh5+ Kg8 22. Qf5 Rde7 23. h3 Nc6 24. Qd5+ Re6 25. f4 Kf8 26. Rh8+ Ke7 27.
Rxe8+ Kxe8 28. Qxe6+ Kd8 29. Qxc6 Ke7 30. Re1+ Kf7 31. Qxa6 Kg6 32. Qxb5 f5 33.
Qc6+ Kh5 34. Re5 g6 35. g4+ Kh4 36. Qxg6 Kg3 37. Re3+ Kxf4 38. Re1 fxg4 39.
Qxg4# 1-0

[Event "Junior Online 4NCL Division 5"]
[Site "online"]
[Date "2020.05.07"]
[Round "4.52"]
[White "Rahman, Faraz"]
[Black "Carton, John"]
[Result "0-1"]
[WhiteElo "1202"]
[BlackElo "716"]
[PlyCount "105"]
[EventDate "2020.05.07"]
[WhiteTeam "Harrow Juniors D"]
[BlackTeam "Gonzaga College SJ D"]

1. e4 e5 2. Nf3 Nc6 3. Nc3 Nf6 4. Bc4 Bc5 5. d3 h6 6. O-O O-O 7. Be3 Bxe3 8.
fxe3 d6 9. Nd5 Bg4 10. Qe1 Nxd5 11. Bxd5 Qf6 12. Nd4 Qg6 13. Qg3 Qg5 14. Nxc6
bxc6 15. Bxc6 Rab8 16. b3 Rfd8 17. Bd5 Rf8 18. Rf2 Kh7 19. Raf1 f6 20. h3 Bd7
21. Qxg5 hxg5 22. d4 Rb4 23. c3 Rb5 24. dxe5 dxe5 25. Bc4 Rc5 26. Rd1 Bc6 27.
Rfd2 Bxe4 28. Bd3 Bxd3 29. Rxd3 Re8 30. b4 Rc4 31. Kf2 e4 32. Rd7 Rxc3 33. Rf7
Rc2+ 34. Kg3 Rxa2 35. Rdd7 Ra4 36. Rxg7+ Kh6 37. Rxc7 Ra3 38. Rh7+ Kg6 39.
Rhg7+ Kf5 40. Kf2 Ra2+ 41. Kg3 Ra3 42. Kf2 Ra4 43. Rxa7 Rxb4 44. Ra5+ Re5 45.
Ra6 Rbb5 46. Rf7 Re6 47. Rh7 Rb2+ 48. Kg3 Rxa6 49. Rf7 Rb3 50. Kf2 Ra2+ 51. Kg3
Rxe3+ 52. Kh2 Ree2 53. Rxf6+ 0-1

[Event "Junior Online 4NCL Division 5"]
[Site "online"]
[Date "2020.05.07"]
[Round "4.53"]
[White "Enkhbaatar, Temuulen"]
[Black "Karjodkar, Praneeta"]
[Result "0-1"]
[WhiteElo "634"]
[BlackElo "1232"]
[PlyCount "70"]
[EventDate "2020.05.07"]
[WhiteTeam "Gonzaga College SJ D"]
[BlackTeam "Harrow Juniors D"]

1. e4 e5 2. Nf3 Nc6 3. Bc4 Bc5 4. d3 h6 5. Nc3 Nf6 6. h3 O-O 7. O-O d6 8. a3
Be6 9. Bxe6 fxe6 10. Qd2 Qe8 11. d4 exd4 12. Ne2 e5 13. Qd3 Qg6 14. Ng3 Nh5 15.
Qc4+ Kh8 16. Nxh5 Qxh5 17. Qb5 Qg6 18. Re1 d3 19. Qxb7 Qg3 20. Kh1 Bxf2 21. Rf1
Na5 22. Qxc7 Rxf3 23. Qxa5 dxc2 24. Qd5 Rd8 25. Qb7 h5 26. Qc7 Rdf8 27. Qxd6
Re8 28. Qd7 Ra8 29. Qb7 Raf8 30. Qc7 Bd4 31. Rxf3 Rxf3 32. Bd2 Rf2 33. Rg1 Rxd2
34. Qd8+ Kh7 35. Qa5 c1=Q 0-1

[Event "Junior Online 4NCL Division 5"]
[Site "online"]
[Date "2020.05.07"]
[Round "4.54"]
[White "Valecha, Nikhil"]
[Black "Whelan, Cory"]
[Result "0-1"]
[WhiteElo "1277"]
[BlackElo "641"]
[PlyCount "112"]
[EventDate "2020.05.07"]
[WhiteTeam "Harrow Juniors D"]
[BlackTeam "Gonzaga College SJ D"]

1. c4 c5 2. Nc3 Nc6 3. g3 Nf6 4. Bg2 g6 5. e3 Bg7 6. Nge2 e6 7. O-O Ne7 8. b3
O-O 9. Ba3 d6 10. d4 cxd4 11. exd4 d5 12. cxd5 exd5 13. Nxd5 Nexd5 14. Bxf8
Qxf8 15. Bxd5 Nxd5 16. Qd3 Bf5 17. Qf3 Rd8 18. Rfc1 Nb4 19. Qxb7 Bg4 20. Rc4
Rb8 21. Qe4 Bxe2 22. Qxe2 Nd5 23. Qf3 Qd8 24. Rc5 Ne7 25. Rd1 Bxd4 26. Rc4 Nf5
27. g4 Nh4 28. Qg3 Bxf2+ 29. Qxf2 Qxd1+ 30. Qf1 Qxf1+ 31. Kxf1 f5 32. gxf5 Nxf5
33. Rc7 Ra8 34. a4 Rb8 35. Rxa7 Rxb3 36. Ra8+ Kg7 37. Ra7+ Kh6 38. Ra6 Nd4 39.
Rd6 Rb4 40. a5 Ra4 41. a6 Nb5 42. Rb6 Ra5 43. h3 Kh5 44. Kg1 h6 45. Kg2 g5 46.
Kg3 Ra3+ 47. Kg2 Ra5 48. Kg3 Na7 49. Kg2 Ra3 50. Kh2 Kh4 51. Kg2 h5 52. Kh2 g4
53. hxg4 Ra2+ 54. Kh1 hxg4 55. Rh6+ Kg3 56. Rh7 Ra1# 0-1

[Event "Junior Online 4NCL Division 5"]
[Site "online"]
[Date "2020.05.07"]
[Round "4.55"]
[White "Jayakumar, Bharath"]
[Black "Flinn, David"]
[Result "1-0"]
[WhiteElo "1255"]
[BlackElo "762"]
[PlyCount "87"]
[EventDate "2020.05.07"]
[WhiteTeam "Harrow Juniors D"]
[BlackTeam "Gonzaga College SJ D"]

1. d4 Nf6 2. c4 d5 3. Nc3 dxc4 4. e4 Nc6 5. Nf3 Bg4 6. Be3 e5 7. dxe5 Nxe5 8.
Qxd8+ Rxd8 9. Nxe5 Be6 10. Nxc4 Bxc4 11. Bxc4 a6 12. O-O b5 13. Bb3 c5 14. Bc2
c4 15. Bg5 Be7 16. e5 Ng4 17. Bxe7 Kxe7 18. f4 Ne3 19. Rf2 Nxc2 20. Rxc2 Kd7
21. Rd2+ Ke7 22. Nd5+ Ke6 23. Rad1 Kd7 24. Nb4+ Kc8 25. Nxa6 Rxd2 26. Rxd2 Kb7
27. Nc5+ Kc6 28. b4 Kc7 29. Rd7+ Kc6 30. Rxf7 g6 31. Rd7 c3 32. Rd3 Rd8 33.
Rxd8 c2 34. Nb3 h5 35. Rd2 Kb6 36. Rxc2 Ka6 37. e6 Kb7 38. e7 Kb6 39. e8=Q Ka6
40. Rc6+ Kb7 41. Qc8+ Ka7 42. Rc7+ Kb6 43. Qb8+ Ka6 44. Ra7# 1-0

[Event "Junior Online 4NCL Division 5"]
[Site "online"]
[Date "2020.05.07"]
[Round "4.56"]
[White "Carton, John"]
[Black "Rahman, Faraz"]
[Result "0-1"]
[WhiteElo "716"]
[BlackElo "1202"]
[PlyCount "126"]
[EventDate "2020.05.07"]
[WhiteTeam "Gonzaga College SJ D"]
[BlackTeam "Harrow Juniors D"]

1. e4 c6 2. Nf3 d5 3. Nc3 dxe4 4. Nxe4 Bf5 5. d3 Bxe4 6. dxe4 Qxd1+ 7. Kxd1 Nf6
8. Nd2 e6 9. f3 Bb4 10. c3 Bc5 11. Bc4 Nbd7 12. Nb3 O-O-O 13. Bf4 Bb6 14. Ke2
Nc5 15. Nxc5 Bxc5 16. Rhd1 Rxd1 17. Rxd1 Nh5 18. Be5 f6 19. Bd4 Bxd4 20. Rxd4
Nf4+ 21. Kf2 e5 22. Rd6 Rd8 23. Rxd8+ Kxd8 24. g3 Ng6 25. Bg8 Nf8 26. h4 h6 27.
b4 Kc7 28. a4 Kb6 29. Ke3 c5 30. Kd3 cxb4 31. cxb4 a5 32. bxa5+ Kxa5 33. Bb3
Nd7 34. Bd5 b6 35. Bc6 Nc5+ 36. Kc4 Nxa4 37. Kb3 Nc5+ 38. Ka3 b5 39. g4 b4+ 40.
Kb2 Kb6 41. Bd5 Kb5 42. Kc2 Ka4 43. Bc6+ Ka3 44. Bd5 b3+ 45. Kb1 Nd3 46. Bc4
Nc5 47. h5 Na4 48. Bd3 Nc3+ 49. Kc1 Ka2 50. Bc4 Ne2+ 51. Bxe2 b2+ 52. Kd2 b1=Q
53. Bd3 Qb2+ 54. Ke3 Qd4+ 55. Ke2 Kb3 56. Ba6 Kc3 57. Bb5 Qd2+ 58. Kf1 Qb2 59.
Be2 Qc1+ 60. Kf2 Qg5 61. Kg2 Qd2 62. Kf1 Kd4 63. Kf2 Qg5 0-1

[Event "Junior Online 4NCL Division 5"]
[Site "online"]
[Date "2020.05.07"]
[Round "4.57"]
[White "Karjodkar, Praneeta"]
[Black "Enkhbaatar, Temuulen"]
[Result "1-0"]
[WhiteElo "1232"]
[BlackElo "634"]
[PlyCount "29"]
[EventDate "2020.05.07"]
[WhiteTeam "Harrow Juniors D"]
[BlackTeam "Gonzaga College SJ D"]

1. e4 e5 2. Nf3 Nc6 3. Bc4 Nf6 4. Nc3 Bc5 5. d3 d6 6. h3 h6 7. O-O O-O 8. Be3
Bxe3 9. fxe3 a6 10. Qe1 Nd7 11. Qg3 Nf6 12. Nh4 Ne7 13. Rxf6 Nc6 14. Rxh6 g6
15. Qxg6# 1-0

[Event "Junior Online 4NCL Division 5"]
[Site "online"]
[Date "2020.05.07"]
[Round "4.58"]
[White "Whelan, Cory"]
[Black "Valecha, Nikhil"]
[Result "1-0"]
[WhiteElo "641"]
[BlackElo "1277"]
[PlyCount "111"]
[EventDate "2020.05.07"]
[WhiteTeam "Gonzaga College SJ D"]
[BlackTeam "Harrow Juniors D"]

1. e4 c5 2. Nf3 Nc6 3. d4 d6 4. dxc5 dxc5 5. Qxd8+ Nxd8 6. Nc3 Nc6 7. Bb5 Nf6
8. Ne5 a6 9. Nxc6 axb5 10. Ne5 g6 11. Bf4 b4 12. Nb5 Nxe4 13. Nc7+ Kd8 14.
Nxf7+ Kd7 15. Nxa8 Rg8 16. O-O-O+ Kc6 17. Nd8+ Kb5 18. Nc7+ Kb6 19. Rhe1 Nxf2
20. Rd2 Ng4 21. Nde6 Bxe6 22. Nxe6 Bh6 23. Bxh6 Nxh6 24. Rf2 Ng4 25. Rf7 Nxh2
26. Rxh7 Ng4 27. Rg7 Rxg7 28. Nxg7 Nf2 29. Re3 Ka5 30. Rxe7 Ka4 31. Rxb7 Ne4
32. Ra7+ Kb5 33. b3 Nc3 34. Ne6 Ne2+ 35. Kb2 Nd4 36. Nxd4+ cxd4 37. Rc7 g5 38.
Kc1 g4 39. Kd2 Kb6 40. Rg7 Kc5 41. Rg5+ Kd6 42. Kd3 Kc6 43. Kxd4 Kd6 44. Rg6+
Ke7 45. Ke5 Kf7 46. Ra6 Kg7 47. Kf5 Kh7 48. Kg5 Kg7 49. Ra7+ Kf8 50. Kf6 Ke8
51. Ke6 Kd8 52. Rh7 Kc8 53. Kd6 Kb8 54. Kc6 Ka8 55. Kb6 Kb8 56. Rh8# 1-0

[Event "Junior Online 4NCL Division 5"]
[Site "online"]
[Date "2020.05.07"]
[Round "4.61"]
[White "Zhao, Wenyi"]
[Black "Antonopoulos, Chris"]
[Result "1/2-1/2"]
[WhiteElo "1547"]
[BlackElo "1307"]
[PlyCount "125"]
[EventDate "2020.05.07"]
[WhiteTeam "KJCA Young Kestrels E"]
[BlackTeam "Brentwood 2"]

1. d4 d5 2. c4 dxc4 3. e3 Nf6 4. Bxc4 Bf5 5. Nc3 e6 6. Nf3 Bd6 7. O-O O-O 8.
Qe2 Nc6 9. d5 exd5 10. Bxd5 Qd7 11. e4 Bg4 12. e5 Nxd5 13. exd6 Nxc3 14. bxc3
Qxd6 15. Be3 Ne5 16. Bf4 Bxf3 17. Bxe5 Bxe2 18. Bxd6 Bxf1 19. Bxf8 Rxf8 20.
Kxf1 h6 21. Rd1 Kh7 22. Rd7 Rc8 23. Rxf7 b6 24. a3 a5 25. a4 c6 26. Rb7 Rd8 27.
Rxb6 Rd1+ 28. Ke2 Rh1 29. h3 Rh2 30. Kf3 Rh1 31. Rxc6 Rc1 32. Ke2 Ra1 33. Rc4
Ra3 34. g3 Kg6 35. h4 Kf5 36. Kd3 Ke5 37. Re4+ Kd5 38. Rd4+ Ke6 39. Kc2 Ra2+
40. Kb3 Rxf2 41. c4 Rf3+ 42. Kc2 Rxg3 43. c5 Ke5 44. Rd8 Rg4 45. c6 Rc4+ 46.
Kd3 Rxc6 47. Re8+ Re6 48. Ra8 Rd6+ 49. Ke3 Rd5 50. Re8+ Kf6 51. Ke4 Rh5 52.
Rf8+ Kg6 53. Rf4 Rc5 54. Rg4+ Kh7 55. Kd4 Rf5 56. Kc4 Kg8 57. Kd4 Kf7 58. Ke4
Rf6 59. Ke5 Re6+ 60. Kd5 Rf6 61. Ke5 Rg6 62. Rf4+ Rf6 63. Rg4 1/2-1/2

[Event "Junior Online 4NCL Division 5"]
[Site "online"]
[Date "2020.05.07"]
[Round "4.62"]
[White "Omoruyi, Jaden"]
[Black "Davies, Iris"]
[Result "0-1"]
[WhiteElo "1217"]
[BlackElo "1457"]
[PlyCount "114"]
[EventDate "2020.05.07"]
[WhiteTeam "Brentwood 2"]
[BlackTeam "KJCA Young Kestrels E"]

1. e4 e5 2. Nf3 Nf6 3. Nxe5 Qe7 4. d4 d6 5. Nf3 Nxe4 6. Be3 Nf6 7. Bc4 d5 8.
Bd3 Ng4 9. h3 Nxe3 10. fxe3 Qxe3+ 11. Qe2 Qxe2+ 12. Bxe2 Bf5 13. Na3 Bxa3 14.
bxa3 Bxc2 15. Nd2 O-O 16. g4 Re8 17. Rh2 Bd3 18. O-O-O Bxe2 19. Re1 Nc6 20.
Rexe2 Rxe2 21. Rxe2 Nxd4 22. Re5 c6 23. h4 Ne6 24. Nf3 Re8 25. Rf5 g6 26. Re5
Kg7 27. h5 gxh5 28. Rxh5 Nf4 29. Rg5+ Kh8 30. Ne5 Rf8 31. Rf5 Ng6 32. Nxf7+ Kg7
33. Nd6 Rxf5 34. Nxf5+ Kf6 35. Kd2 Ne5 36. Ke3 Nxg4+ 37. Kf4 Nf2 38. Nd4 h5 39.
Nf3 Kg6 40. Kg3 Ne4+ 41. Kf4 Nf6 42. Ne5+ Kh6 43. Kg3 Ne4+ 44. Kh4 c5 45. Nf7+
Kg6 46. Ne5+ Kf5 47. Nd3 c4 48. Nb2 Nf6 49. Nd1 d4 50. Nb2 c3 51. Nd3 Ke4 52.
Nc5+ Ke3 53. Nxb7 c2 54. Nd6 c1=Q 55. Nf5+ Kf4 56. Ng3 Qe1 57. a4 Qxg3# 0-1

[Event "Junior Online 4NCL Division 5"]
[Site "online"]
[Date "2020.05.07"]
[Round "4.63"]
[White "Gaekwad, Ankit"]
[Black "Cheema, Dilsher"]
[Result "1-0"]
[WhiteElo "1450"]
[BlackElo "917"]
[PlyCount "37"]
[EventDate "2020.05.07"]
[WhiteTeam "KJCA Young Kestrels E"]
[BlackTeam "Brentwood 2"]

1. d4 d5 2. Bf4 e6 3. e3 Bd6 4. Bg3 Bxg3 5. hxg3 c6 6. Nf3 Nf6 7. c3 b6 8. Nbd2
c5 9. Bd3 cxd4 10. exd4 Ng4 11. Qe2 f6 12. Rxh7 Rxh7 13. Bxh7 e5 14. Bg6+ Kf8
15. O-O-O exd4 16. Nxd4 b5 17. Ne6+ Bxe6 18. Qxe6 Nxf2 19. Qf7# 1-0

[Event "Junior Online 4NCL Division 5"]
[Site "online"]
[Date "2020.05.07"]
[Round "4.64"]
[White "Measday, Austin"]
[Black "Davies, Violet"]
[Result "0-1"]
[WhiteElo "925"]
[BlackElo "1225"]
[PlyCount "48"]
[EventDate "2020.05.07"]
[WhiteTeam "Brentwood 2"]
[BlackTeam "KJCA Young Kestrels E"]

1. e4 e5 2. Bc4 Nf6 3. g4 Bc5 4. g5 Nxe4 5. Qh5 g6 6. Qf3 Nd6 7. Ne2 Nc6 8. d3
e4 9. dxe4 Nxc4 10. Nf4 Qxg5 11. Nd5 Qxc1+ 12. Ke2 Nd4+ 13. Kd3 Nxf3 14. Na3
Nfe5+ 15. Ke2 Qd2+ 16. Kf1 d6 17. Kg2 Ne3+ 18. Kg3 Nxd5 19. exd5 Qxd5 20. c4
Qf3+ 21. Kh4 Bxf2+ 22. Kg5 Qf5+ 23. Kh6 Ng4+ 24. Kg7 Qf6# 0-1

[Event "Junior Online 4NCL Division 5"]
[Site "online"]
[Date "2020.05.07"]
[Round "4.65"]
[White "Antonopoulos, Chris"]
[Black "Zhao, Wenyi"]
[Result "0-1"]
[WhiteElo "1307"]
[BlackElo "1547"]
[PlyCount "100"]
[EventDate "2020.05.07"]
[WhiteTeam "Brentwood 2"]
[BlackTeam "KJCA Young Kestrels E"]

1. e4 e6 2. d4 d5 3. e5 c5 4. c3 Nc6 5. Nf3 Bd7 6. Bd3 Qb6 7. Qb3 Qc7 8. O-O c4
9. Qc2 cxd3 10. Qxd3 Nge7 11. Be3 Nf5 12. Nbd2 Be7 13. Bg5 f6 14. exf6 Bxf6 15.
Bxf6 gxf6 16. Rfe1 Kf7 17. c4 Nfe7 18. cxd5 Nxd5 19. Nc4 h5 20. Ne3 Nf4 21. Qc4
h4 22. h3 Rag8 23. Re2 Nxe2+ 24. Qxe2 f5 25. d5 Ne5 26. Nxe5+ Qxe5 27. dxe6+
Bxe6 28. Qf3 Kf6 29. Ng4+ Rxg4 30. hxg4 h3 31. gxh3 Kg5 32. Kg2 fxg4 33. Qe3+
Qxe3 34. fxe3 gxh3+ 35. Kh2 Kg4 36. Rg1+ Kf3 37. Rg3+ Ke2 38. e4 Kd2 39. a3 Rf8
40. b4 Rf2+ 41. Kg1 Ke1 42. Re3+ Re2 43. Rc3 Rxe4 44. Kh2 Re2+ 45. Kg3 h2 46.
Rc1+ Kd2 47. Rh1 Kc3 48. b5 Kb3 49. a4 Kxa4 50. b6 axb6 0-1

[Event "Junior Online 4NCL Division 5"]
[Site "online"]
[Date "2020.05.07"]
[Round "4.66"]
[White "Davies, Iris"]
[Black "Omoruyi, Jaden"]
[Result "0-1"]
[WhiteElo "1457"]
[BlackElo "1217"]
[PlyCount "90"]
[EventDate "2020.05.07"]
[WhiteTeam "KJCA Young Kestrels E"]
[BlackTeam "Brentwood 2"]

1. d4 d5 2. c4 dxc4 3. e4 c5 4. Bxc4 cxd4 5. Nf3 Nc6 6. Bb5 Qa5+ 7. Bd2 Qxb5 8.
Na3 Qxb2 9. Bc1 Qc3+ 10. Qd2 Qxd2+ 11. Bxd2 Nf6 12. e5 Ng4 13. Nb5 Kd8 14. O-O
Bf5 15. Bf4 e6 16. Bg3 Bc5 17. h3 Nh6 18. Bf4 a6 19. Nd6 Bxd6 20. exd6 Rc8 21.
g4 Be4 22. Ne5 Nxe5 23. Bxe5 Rg8 24. f3 Bd3 25. Rfd1 Be2 26. Rd2 Bxf3 27. Bxd4
Rc4 28. Rb1 b5 29. Be3 Kd7 30. Kf2 Bd5 31. Rbd1 Kxd6 32. Kg3 Rgc8 33. Bf4+ Kd7
34. Be5 Rc2 35. Bxg7 Rxd2 36. Rxd2 Ng8 37. Kf2 Rc4 38. Ke3 Re4+ 39. Kf3 Re5+
40. Kf4 Re1 41. Kg5 Ne7 42. Bf6 Nc6 43. Bc3 Ne5 44. Rxd5+ exd5 45. Bxe1 Nf3+
0-1

[Event "Junior Online 4NCL Division 5"]
[Site "online"]
[Date "2020.05.07"]
[Round "4.67"]
[White "Cheema, Dilsher"]
[Black "Gaekwad, Ankit"]
[Result "0-1"]
[WhiteElo "917"]
[BlackElo "1450"]
[PlyCount "48"]
[EventDate "2020.05.07"]
[WhiteTeam "Brentwood 2"]
[BlackTeam "KJCA Young Kestrels E"]

1. e4 e6 2. Nf3 d5 3. exd5 exd5 4. d4 Nf6 5. Bf4 Be7 6. Bb5+ c6 7. Ba4 Nbd7 8.
O-O O-O 9. b3 Nb6 10. Re1 Nxa4 11. bxa4 Re8 12. Bg5 h6 13. Bxf6 Bxf6 14. Rxe8+
Qxe8 15. Kf1 Bg4 16. Qe1 Bxf3 17. Qxe8+ Rxe8 18. gxf3 Bxd4 19. Nd2 Bxa1 20. Nb3
Bf6 21. Nc5 Re7 22. Ne4 dxe4 23. fxe4 Rxe4 24. c3 Rxa4 0-1

[Event "Junior Online 4NCL Division 5"]
[Site "online"]
[Date "2020.05.07"]
[Round "4.68"]
[White "Davies, Violet"]
[Black "Measday, Austin"]
[Result "1-0"]
[WhiteElo "1225"]
[BlackElo "925"]
[PlyCount "51"]
[EventDate "2020.05.07"]
[WhiteTeam "KJCA Young Kestrels E"]
[BlackTeam "Brentwood 2"]

1. e4 e5 2. Nf3 g5 3. Nxe5 g4 4. Bc4 Nh6 5. d4 Qh4 6. Bxh6 Bxh6 7. Nxf7 Rf8 8.
Nxh6 d5 9. O-O dxe4 10. Re1 Qxh6 11. Rxe4+ Be6 12. Qxg4 Kd7 13. Rxe6 Qc1+ 14.
Bf1 Nc6 15. Re1+ Kd6 16. Rxc1 Rfe8 17. Qf4+ Ne5 18. Re1 Kd5 19. Rxe5+ Kd6 20.
Rxe8+ Kc6 21. Rxa8 Kd5 22. Qe5+ Kc6 23. Bb5+ Kb6 24. Qc5+ Ka5 25. Bc4+ b5 26.
Qxb5# 1-0

[Event "Junior Online 4NCL Division 5"]
[Site "online"]
[Date "2020.05.07"]
[Round "4.71"]
[White "Weedon, Arlo"]
[Black "Bradley, Adam"]
[Result "1-0"]
[WhiteElo "1330"]
[BlackElo "1075"]
[PlyCount "83"]
[EventDate "2020.05.07"]
[WhiteTeam "Wey 2"]
[BlackTeam "Robin Hoods 6"]

1. e4 e5 2. Nf3 Nc6 3. Bc4 Bc5 4. O-O Nf6 5. Nc3 d6 6. h3 Be6 7. Bxe6 fxe6 8.
d3 h6 9. a3 d5 10. b4 Bd4 11. Bb2 dxe4 12. Nxd4 exd4 13. Nxe4 Qd5 14. Nxf6+
gxf6 15. Qf3 O-O-O 16. Qxf6 Rhf8 17. Qxh6 Rh8 18. Qf4 Ne7 19. c4 Qd6 20. Qf3
Rh7 21. Bc1 Nf5 22. Bf4 e5 23. Qe4 Rf8 24. Bxe5 Qg6 25. Qf3 Rg8 26. g4 Nh4 27.
Qg3 Qe6 28. Rae1 Rf8 29. Bg7 Rf3 30. Rxe6 Rxg3+ 31. fxg3 Rxg7 32. Rf8+ Kd7 33.
Rh6 Ng6 34. Rf6 Ne5 35. Rf5 Nf7 36. Rd5+ Ke7 37. Rhh5 c6 38. Rxd4 Ke6 39. Kf2
Ng5 40. Rh6+ Ke5 41. Ke3 c5 42. Rd5# 1-0

[Event "Junior Online 4NCL Division 5"]
[Site "online"]
[Date "2020.05.07"]
[Round "4.72"]
[White "Brown, William"]
[Black "Weedon, Oscar"]
[Result "0-1"]
[WhiteElo "917"]
[BlackElo "1352"]
[PlyCount "70"]
[EventDate "2020.05.07"]
[WhiteTeam "Robin Hoods 6"]
[BlackTeam "Wey 2"]

1. e4 d5 2. exd5 Nf6 3. Bc4 Nxd5 4. Qf3 Be6 5. b3 g6 6. Bb2 f6 7. Nh3 Bg7 8.
O-O Qd6 9. Nc3 a6 10. Rae1 Nc6 11. Nf4 Nd4 12. Qe4 f5 13. Qd3 c6 14. Bxd5 cxd5
15. b4 Qxf4 16. g3 Qg4 17. Na4 Nf3+ 18. Kh1 Nxe1 19. Rxe1 Bf7 20. Nb6 Bxb2 21.
Nxa8 O-O 22. c3 Rxa8 23. Qc2 e6 24. Qxb2 Re8 25. Qc2 e5 26. Qd1 Qxd1 27. Rxd1
Kg7 28. Re1 Kf6 29. f3 b6 30. h3 h5 31. g4 hxg4 32. hxg4 fxg4 33. fxg4 Kg5 34.
Rg1 d4 35. cxd4 exd4 0-1

[Event "Junior Online 4NCL Division 5"]
[Site "online"]
[Date "2020.05.07"]
[Round "4.74"]
[White "Stoyanov, Boris"]
[Black "Mandell, Eli"]
[Result "0-1"]
[WhiteElo "857"]
[BlackElo "1232"]
[PlyCount "36"]
[EventDate "2020.05.07"]
[WhiteTeam "Robin Hoods 6"]
[BlackTeam "Wey 2"]

1. e4 d6 2. Nc3 Nf6 3. Nf3 Nc6 4. d4 e5 5. Be3 exd4 6. Nxd4 Nxd4 7. Bxd4 b6 8.
Be2 Bb7 9. O-O Nxe4 10. Nb5 a6 11. Nc3 Nxc3 12. Bxc3 Qg5 13. Bg4 h5 14. f3 hxg4
15. fxg4 Qe3+ 16. Rf2 O-O-O 17. Kh1 Qxf2 18. Be1 Bxg2# 0-1

[Event "Junior Online 4NCL Division 5"]
[Site "online"]
[Date "2020.05.07"]
[Round "4.75"]
[White "Bradley, Adam"]
[Black "Weedon, Arlo"]
[Result "0-1"]
[WhiteElo "1075"]
[BlackElo "1330"]
[PlyCount "48"]
[EventDate "2020.05.07"]
[WhiteTeam "Robin Hoods 6"]
[BlackTeam "Wey 2"]

1. e4 e5 2. Nf3 Nc6 3. Bc4 Nf6 4. Nc3 Bc5 5. Ng5 d5 6. exd5 Na5 7. d6 Nxc4 8.
d3 Nxd6 9. O-O h6 10. Nf3 Bg4 11. h3 Bh5 12. a3 e4 13. Bf4 exf3 14. gxf3 Qd7
15. Qe2+ Kd8 16. Bh2 Qxh3 17. Rfe1 Nf5 18. f4 Bxe2 19. Rxe2 Qg4+ 20. Bg3 Nxg3
21. Re4 Ngxe4+ 22. Kf1 Nxc3 23. bxc3 Qxf4 24. Re1 Qxf2# 0-1

[Event "Junior Online 4NCL Division 5"]
[Site "online"]
[Date "2020.05.07"]
[Round "4.76"]
[White "Weedon, Oscar"]
[Black "Brown, William"]
[Result "1-0"]
[WhiteElo "1352"]
[BlackElo "917"]
[PlyCount "71"]
[EventDate "2020.05.07"]
[WhiteTeam "Wey 2"]
[BlackTeam "Robin Hoods 6"]

1. Nc3 e6 2. e4 Nf6 3. d4 d5 4. e5 Ne4 5. Nge2 Bd7 6. f3 Nxc3 7. Nxc3 Ba4 8.
Nxa4 Nc6 9. Be3 Bb4+ 10. Bd2 Nxd4 11. Bxb4 Nc6 12. Bd2 Nxe5 13. Nc3 d4 14. Ne4
O-O 15. Bd3 c5 16. Nxc5 Rc8 17. Ne4 b6 18. O-O Re8 19. f4 Nxd3 20. cxd3 a6 21.
Qh5 Rc2 22. b3 f5 23. Bb4 fxe4 24. Rfd1 a5 25. Be1 Re7 26. Bh4 Qd7 27. Bxe7
Qxe7 28. Qe5 g5 29. Qxe4 gxf4 30. Qxf4 Qg7 31. Rd2 Rc3 32. Qb8+ Kf7 33. Qxb6 e5
34. Rf2+ Ke7 35. Qb7+ Ke6 36. Qxg7 1-0

[Event "Junior Online 4NCL Division 5"]
[Site "online"]
[Date "2020.05.07"]
[Round "4.78"]
[White "Mandell, Eli"]
[Black "Stoyanov, Boris"]
[Result "1-0"]
[WhiteElo "1232"]
[BlackElo "857"]
[PlyCount "81"]
[EventDate "2020.05.07"]
[WhiteTeam "Wey 2"]
[BlackTeam "Robin Hoods 6"]

1. d4 d5 2. c4 Nf6 3. Nf3 Nc6 4. Nc3 e6 5. Bf4 Bb4 6. e3 O-O 7. a3 Ba5 8. b4
Bb6 9. c5 Bxc5 10. dxc5 b6 11. cxb6 axb6 12. Bb5 Na7 13. Bd3 c5 14. bxc5 bxc5
15. e4 c4 16. Bc2 dxe4 17. Nxe4 Nd5 18. Bg3 Qa5+ 19. Ned2 Nc3 20. Nxc4 Nxd1+
21. Nxa5 Nc3 22. Bd6 Rd8 23. Be5 Nd5 24. O-O Nb5 25. Nc6 Ba6 26. Nxd8 Rxd8 27.
Bd3 Nbc7 28. Bxa6 Nxa6 29. Rfd1 h6 30. Rac1 f6 31. Bg3 e5 32. Rc2 e4 33. Nh4
Re8 34. Rxd5 e3 35. fxe3 Rxe3 36. Rd8+ Kh7 37. Bf2 Rb3 38. Rcc8 Rb1+ 39. Be1
Rxe1+ 40. Kf2 Re4 41. Rh8# 1-0

[Event "Junior Online 4NCL Division 5"]
[Site "online"]
[Date "2020.05.07"]
[Round "4.81"]
[White "He, Tom Junde"]
[Black "Goldsmith, Henry"]
[Result "1-0"]
[WhiteElo "1397"]
[BlackElo "778"]
[PlyCount "21"]
[EventDate "2020.05.07"]
[WhiteTeam "St Mary's Harborne"]
[BlackTeam "Rhydypenau Raiders"]

1. e4 e5 2. Nf3 Nc6 3. Bc4 Nf6 4. Ng5 d5 5. exd5 Nxd5 6. Nxf7 Kxf7 7. Qf3+ Ke6
8. Nc3 Ke7 9. Nxd5+ Ke8 10. Nb6 cxb6 11. Qf7# 1-0

[Event "Junior Online 4NCL Division 5"]
[Site "online"]
[Date "2020.05.07"]
[Round "4.82"]
[White "Morgan, Emyr"]
[Black "Howett, Ralphie"]
[Result "1-0"]
[WhiteElo "757"]
[BlackElo "1217"]
[PlyCount "21"]
[EventDate "2020.05.07"]
[WhiteTeam "Rhydypenau Raiders"]
[BlackTeam "St Mary's Harborne"]

1. e4 e5 2. Nf3 Nc6 3. Nc3 Nf6 4. Bc4 Bc5 5. Ng5 d5 6. exd5 Nxd5 7. Bxd5 Qxg5
8. d4 Bb4 9. Bxg5 g6 10. Qf3 h6 11. Qxf7# 1-0